| 000 | 00574nam a2200145Ia 4500 | ||
|---|---|---|---|
| 008 | 151213s9999 xx 000 0 und d | ||
| 100 | _aশেখ মো: নেয়ামত উল্লাহ। | ||
| 245 |
_aহৃদয়ে বসবাস। _cশেখ মো: নেয়ামত উল্লাহ। |
||
| 260 |
_aঢাকা _bধারাবাহিক প্রকাশনী। _c1993 |
||
| 300 | _a8822 p. | ||
| 650 | _aBangla | ||
| 650 | _aকবিতা। | ||
| 700 | _aশেখ মো: নেয়ামত উল্লাহ। | ||
| 999 |
_c4607 _d4607 |
||